Представление документа в формате MARC21

Поле Инд. ПП Название Значение
Тип записи a
Библиографический уровень m
001 Контрольный номер 729d2e9c-c912-4284-839e-8a249c748ee1
005 Дата корректировки 20140703124604.4
008 Кодируемые данные 040324
020 c Цена, тираж б/ц
040 a Служба первич. каталог. НБ ТвГУ
041 a Код языка текста rus
080 a Индекс УДК 882.09(043.3)
a Индекс УДК 929Брюсов В.Я.
084 a Индекс другой классификации/Индекс ББК Ш141.12-71Брюсов.я031
a Индекс другой классификации/Индекс ББК Ш5(2=411.2)53-4Брюсов В.Я.457я031
090 x Авторский знак Ч-18
a Полочн. индекс Ш141.12
100 2_ a Автор Чанг Хунг-Йу
245 10 a Заглавие Поэтизмы в лирике В. Брюсова
b Продолж. заглавия Автореф. дис. ... канд. филол. наук : 10.02.01
c Ответственность Санкт-Петерб. гос. ун-т, Каф. рус. яз. филол. фак.
260 0_ a Место издания СПб.
b Издательство Санкт-Петербургский гос. ун-т
c Дата издания 2002
300 a Объем 22 с.
500 a Примечание На правах рукоп.
504 a Библиография Библиогр.: с.22.
583 a Действие Получение впервые 121 23.03.2004
650 a Основная рубрика Брюсов, Валерий Яковлевич, о нем
650 a Основная рубрика Русский язык
x Основная подрубрика Писателей язык
x Основная подрубрика Речь поэтическая
650 a Основная рубрика Русская литература
x Основная подрубрика Язык и стиль
y Хронологическая подрубрика 20 в.
x Основная подрубрика История
x Основная подрубрика Поэтизмы
653 a Ключевые слова Брюсов
a Ключевые слова Русский язык
a Ключевые слова Речь
a Ключевые слова Поэтическая речь
a Ключевые слова Язык Брюсова
a Ключевые слова Язык писателей
a Ключевые слова Русская литература
a Ключевые слова Язык и стиль литературы
a Ключевые слова Писатели
a Ключевые слова Русские писатели
a Ключевые слова Поэты
a Ключевые слова Русские поэты
a Ключевые слова Авторефераты
a Ключевые слова Персоналии
852 t Порядковый номер экземпляра 1
p Инвентарный номер б/н
888 a Бесплатные
930 a Новая/Ретро авторефераты
a Новая/Ретро персоналии
952 p 121.2004 б/ц 1 б/н
c Вид литературы А/Р н
954 a Дата поступления на обработку 20040426
999 a Подразделение 2 ч.з.